[Event "FIDE Women World Blitz 2021"]
[Site "Warsaw"]
[Date "2021.12.29"]
[Round "5.1"]
[White "Berend, Elvira"]
[Black "Malicka, Maria"]
[Result "1-0"]
[WhiteElo "2328"]
[BlackElo "2307"]
[Annotator "TA"]
[PlyCount "127"]
[EventDate "2021.12.29"]
[EventType "swiss"]
[EventCountry "POL"]
[Tiebreak "Cut1 Buchholz"]
[SourceTitle "playchess.com"]
[Source "ChessBase"]
[SourceQuality "1"]

{[%evp 11,127,3,0,-1,8,0,31,9,23,12,65,58,53,51,100,43,131,126,110,88,75,66,92,
87,178,0,27,17,30,25,32,21,51,21,86,91,830,830,830,804,787,288,288,270,288,275,
266,204,197,196,224,205,29992,29993,29993,29993,29994,29993,29993,441,508,0,0,
0,687,678,515,0,0,0,0,0,0,0,0,0,0,0,0,0,0,0,0,0,0,0,0,0,0,0,0,0,0,0,0,-12850,0,
0,-28000,-28000,-28000,-28000,-28000,-28000,-28000,-28000,-28000,-28000,27999,
27999,27997,27997,27998,27998,27999,27999,27999,27999]} 1. d4 Nf6 2. Nf3 g6 3.
g3 Bg7 4. Bg2 d5 5. O-O O-O 6. c3 Nbd7 {[%cal Bb8d7,Bd7f6,Bf6e4][%mdl 32]} 7.
a4 {The modern move. D02: 1 d4 d5 2 Nf3 sidelines, including 2...Nf6 3 g3 and
2...Nf6 3 Bf4.} c5 8. Bf4 Ne4 {[#]} 9. Nbd2 $146 {White is slightly better.} (
9. a5 {is interesting.} Ndf6 10. Ne5 cxd4 11. cxd4 Be6 12. Qb3) ({Predecessor:
} 9. Qc1 b6 10. Na3 Bb7 11. Bh6 Rc8 12. Bxg7 Kxg7 13. e3 Qe8 14. Nd2 f5 15.
Nxe4 fxe4 {0-1 (64) Atayman,E (1668)-Unat,C (1980) Antalya 2018}) 9... cxd4 10.
cxd4 Nxd2 (10... Ndf6 $11) 11. Qxd2 $14 Nf6 12. Rfc1 Bd7 (12... Ne4 $14 {
was preferrable.} 13. Qb4 a5) 13. Qb4 (13. Ne5 $16) 13... Bc6 ({Black should
play} 13... Qb6 $1 $14 14. Qxb6 (14. Qxe7 Rfe8 $11) 14... axb6) 14. Ne5 $16 Rc8
15. Nxc6 {White is much more active.} bxc6 16. a5 Ne4 17. Qb7 Bxd4 (17... g5
$16 18. Be3 Rc7) 18. e3 $2 (18. Bxe4 $18 {And now Bg2 would win.} g5 19. Bxg5)
18... e5 $11 19. Bh6 $1 Rb8 20. Qxc6 Bxb2 21. Bxf8 Kxf8 22. Rd1 Bxa1 (22... Nc3
$11) 23. Bxe4 $16 {[%mdl 64] [#] Pin} Qxa5 $2 {[%mdl 8192]} (23... Rc8 $16 24.
Rxd5 Rxc6 25. Rxd8+ Ke7) 24. Qd6+ $18 Kg7 25. Qxb8 dxe4 {[%mdl 4096] Endgame
KQR-KQB} 26. Qb1 $2 (26. Qe8) 26... Bc3 27. Qxe4 Qc5 28. Rd7 a5 29. Qf3 Qc4 30.
Qb7 a4 31. Rc7 Qd3 (31... Qa2 $18 32. Qb5 a3) 32. Rxf7+ Kh6 33. Rxh7+ Kg5 34.
Qe7+ Kg4 35. Rh4+ (35. Rf7 $142 Qf5 36. Rxf5 gxf5 37. Kg2 Kh5 38. Qh7+ Kg5 39.
Qg7+ Kh5 40. h4 e4 41. Qg5#) 35... Kf3 {[%cal Rd3b1] [#]} 36. Qb7+ (36. Qf7+
$18 Ke2 37. Qa2+ Kf3 38. Qc4) 36... Ke2 $11 {( -> ...Qd1+)} 37. Kg2 a3 {
[%mdl 8192]} (37... Ke1 $11 38. h3 (38. Rxa4 $2 Qf1+ 39. Kf3 Qh1+ 40. Kg4 Qxb7
$19) 38... Qc2) 38. Ra4 $18 Bb2 39. Qf3+ $2 (39. Qa6 $18 Kd2 40. h4) 39... Ke1
$11 {[%csl Ge1][%cal Rd3f1]} 40. Kh3 Qd7+ 41. Qg4 Qh7+ 42. Kg2 Qb7+ 43. Kh3
Qh7+ 44. Kg2 {Strongly threatening Qb4+.} Qb7+ 45. Qe4 Qxe4+ 46. Rxe4 {aiming
for Ra4. KR-KB} a2 47. Ra4 a1=Q 48. Rxa1+ Bxa1 {KB-KP} 49. Kf3 e4+ 50. Kxe4
Kxf2 {KB-K3P} 51. Kf4 Bf6 52. h4 Bd8 53. g4 $2 {[%mdl 8192]} (53. h5 $11 gxh5
54. e4) 53... Bb6 $2 (53... Bxh4 $19 54. e4 Kg2) 54. Kg5 Kxe3 $2 {[%mdl 8192]}
(54... Kg2 $11) 55. Kxg6 {KB-KPP} Kf4 $4 {[%mdl 8192]} (55... Bd4 56. Kf5 Kf3)
56. g5 Kg4 $4 {[%mdl 8192]} (56... Bd4 57. h5 Be5) 57. h5 Be3 $4 {[%mdl 8192]}
(57... Bd4 58. h6 Bh8) 58. h6 Bd4 59. h7 Bc3 $4 {[%mdl 8192]} (59... Bh8 60.
Kh6 Kf5) 60. Kh6 {White mates.} Kf5 61. g6 {[%cal Bg5g6,Bg6g7][%mdl 32]} Bd2+
62. Kg7 Bc3+ 63. Kf7 Kg5 64. g7 {Both players deserved the win here.  Weighted
Error Value: White=0.67/Black=0.63} 1-0

[Event "FIDE Women World Blitz 2021"]
[Site "Warsaw"]
[Date "2021.12.29"]
[Round "5.2"]
[White "Muzychuk, Mariya"]
[Black "Goryachkina, Aleksandra"]
[Result "0-1"]
[WhiteElo "2536"]
[BlackElo "2604"]
[Annotator "ChessBase"]
[PlyCount "84"]
[EventDate "2021.12.29"]
[EventType "swiss"]
[EventCountry "POL"]
[Tiebreak "Cut1 Buchholz"]
[SourceTitle "playchess.com"]
[Source "ChessBase"]
[SourceQuality "1"]
[TimeControl "180+2"]

1. e4 {[%emt 0:00:00]} c6 {[%emt 0:00:02]} 2. d4 {[%emt 0:00:01]} d5 {[%emt 0:
00:00]} 3. Nc3 {[%emt 0:00:00]} dxe4 {[%emt 0:00:02]} 4. Nxe4 {[%emt 0:00:01]}
Nf6 {[%emt 0:00:01]} 5. Nxf6+ {[%emt 0:00:01]} exf6 {[%emt 0:00:02]} 6. c3 {
[%emt 0:00:01]} Bf5 {[%emt 0:00:02]} 7. Bd3 {[%emt 0:00:17]} Bxd3 {[%emt 0:00:
03]} 8. Qxd3 {[%emt 0:00:00]} Bd6 {[%emt 0:00:03]} 9. Nf3 {[%emt 0:00:08]} O-O
{[%emt 0:00:04]} 10. O-O {[%emt 0:00:03]} Nd7 {[%emt 0:00:03]} 11. h3 {[%emt 0:
00:06]} Re8 {[%emt 0:00:05]} 12. Bd2 {[%emt 0:00:03]} Nf8 {[%emt 0:00:02]} 13.
Rfe1 {[%emt 0:00:03]} Ne6 {[%emt 0:00:05]} 14. g3 {[%emt 0:00:07]} Qd7 {
[%emt 0:00:09]} 15. Kg2 {[%emt 0:00:01]} Bc7 {[%emt 0:00:15]} 16. Re2 {[%emt 0:
00:23]} Nc5 {[%emt 0:00:18]} 17. Rxe8+ {[%emt 0:00:25]} Rxe8 {[%emt 0:00:02]}
18. Qc4 {[%emt 0:00:22]} Ne4 {[%emt 0:00:04]} 19. Re1 {[%emt 0:00:01]} f5 {
[%emt 0:00:16]} 20. Qd3 {[%emt 0:00:12]} h6 {[%emt 0:00:06]} 21. b3 {[%emt 0:
00:03]} b5 {[%emt 0:00:10]} 22. c4 {[%emt 0:00:04]} a6 {[%emt 0:00:21]} 23. Rc1
{[%emt 0:00:07]} f4 {[%emt 0:00:33]} 24. Bxf4 {[%emt 0:00:10]} Bxf4 {[%emt 0:
00:06]} 25. gxf4 {[%emt 0:00:01]} Qxh3+ {[%emt 0:00:12]} 26. Kxh3 {[%emt 0:00:
03]} Nxf2+ {[%emt 0:00:00]} 27. Kg3 {[%emt 0:00:13]} Nxd3 {[%emt 0:00:02]} 28.
Rd1 {[%emt 0:00:11]} Re3 {[%emt 0:00:07]} 29. f5 {[%emt 0:00:17]} Kf8 {[%emt 0:
00:09]} 30. Kg2 {[%emt 0:00:22]} Ke8 {[%emt 0:00:09]} 31. Rd2 {[%emt 0:00:05]}
g5 {[%emt 0:00:08]} 32. fxg6 {[%emt 0:00:02]} fxg6 {[%emt 0:00:00]} 33. Nh4 {
[%emt 0:00:04]} Nf4+ {[%emt 0:00:15]} 34. Kf2 {[%emt 0:00:02]} Rh3 {[%emt 0:00:
04]} 35. Nf3 {[%emt 0:00:01]} g5 {[%emt 0:00:00]} 36. Rd1 {[%emt 0:00:05]} g4 {
[%emt 0:00:07]} 37. Re1+ {[%emt 0:00:00]} Kd8 {[%emt 0:00:02]} 38. Ne5 {
[%emt 0:00:01]} g3+ {[%emt 0:00:04]} 39. Kf3 {[%emt 0:00:02]} g2+ {[%emt 0:00:
03]} 40. Kxf4 {[%emt 0:00:10]} Rh1 {[%emt 0:00:01]} 41. Nxc6+ {[%emt 0:00:01]}
Kc7 {[%emt 0:00:03]} 42. Re7+ {[%emt 0:00:03]} Kxc6 {[%emt 0:00:00]} 0-1

[Event "FIDE Women World Blitz 2021"]
[Site "Warsaw"]
[Date "2021.12.29"]
[Round "5.2"]
[White "Dworakowska, Joanna"]
[Black "Budkiewicz, Magdalena"]
[Result "1-0"]
[WhiteElo "2228"]
[BlackElo "1624"]
[Annotator "TA"]
[PlyCount "69"]
[EventDate "2021.12.29"]
[EventType "swiss"]
[EventCountry "POL"]
[Tiebreak "Cut1 Buchholz"]
[SourceTitle "playchess.com"]
[Source "ChessBase"]
[SourceQuality "1"]

{[%evp 16,69,29,38,62,34,52,-9,1,-30,-29,-40,-35,-47,6,-41,39,11,25,-21,-24,
-80,-81,-61,-74,-73,-9,-60,-36,-151,-158,-180,-172,-185,-188,-209,-150,-151,
-53,-74,-65,-57,-24,-103,-104,-124,-89,-101,-113,-435,-431,-549,-411,-391,1046,
1015]} 1. e4 c5 2. Nf3 d6 3. d4 cxd4 4. Nxd4 Nf6 5. Nc3 a6 6. h3 e6 7. g4 h6 8.
Bg2 Nc6 9. Be3 Bd7 {B81: Sicilian Scheveningen: Keres Attack.} 10. Qd2 {
White is more active.} Rc8 11. Nde2 (11. f4 $14) 11... b5 {[#] The position is
equal.} 12. a3 $146 ({Predecessor:} 12. f4 Qc7 13. a3 Be7 14. O-O O-O 15. Kh1
Na5 16. b3 Bc6 17. Bd4 Bb7 18. Qe3 {0-1 (40) Gireman,J (2186)-Spassov,L (2335)
Golden Sands 2013}) 12... Ne5 13. b3 Bc6 14. f4 Ned7 (14... Ng6 $1 $15 15. O-O
Nh4) 15. O-O (15. O-O-O $11) 15... Nc5 (15... Qc7 $15) 16. Ng3 (16. Bxc5 $5
dxc5 17. Qxd8+ Rxd8 18. e5 Bxg2 19. Kxg2 $14) 16... Be7 17. b4 (17. Rad1 {
is more appropriate.}) 17... Ncd7 $11 {[%cal Bc5d7,Bd7b6,Bb6c4][%mdl 32]} 18.
Nce2 (18. a4 $11) 18... Nb6 $17 19. Qd3 Nc4 20. Bf2 {[%cal Oa3a4]} Qc7 (20...
O-O $17) 21. Nd4 (21. a4 $1 $11) 21... Bb7 22. g5 ({Better is} 22. Qe2 $15)
22... hxg5 23. fxg5 {[#]} Ne5 $1 24. Qe2 (24. Qd1 Nfd7) 24... Nfd7 {[%cal
Bf6d7,Bd7e5,Be5g4,Bg4e3][%mdl 32]} 25. Be3 O-O 26. Rad1 Qc4 (26... Qc3 $17 27.
Qf2 Qxa3) 27. Qf2 $1 $15 Ng6 28. Nh5 Nde5 (28... Bd8 $5 {[%cal Rd7e5]}) 29. Kh1
(29. Qg3 $11) 29... d5 $17 30. Ng3 dxe4 31. Nxe4 {[%cal Oe4f6]} Bd5 32. h4 $2 {
[%mdl 8192] [#]} (32. Kg1 $17) 32... Ng4 $19 33. Qe1 Nxe3 ({Stronger than} 
33... Qc7 34. Bg1 $17) 34. Qxe3 Qc6 $4 {[%mdl 8192]} 35. Nxc6 {Weighted Error
Value: White=0.54/Black=0.34} 1-0

[Event "FIDE Women World Blitz 2021"]
[Site "Warsaw"]
[Date "2021.12.29"]
[Round "5.3"]
[White "Gaponenko, Inna"]
[Black "Vaishali R"]
[Result "1-0"]
[WhiteElo "2339"]
[BlackElo "2405"]
[Annotator "NA"]
[PlyCount "119"]
[EventDate "2021.12.29"]
[EventType "swiss"]
[EventCountry "POL"]
[Tiebreak "Cut1 Buchholz"]
[SourceTitle "playchess.com"]
[Source "ChessBase"]
[SourceQuality "1"]
[TimeControl "180+2"]

1. e4 {[%emt 0:00:01]} e5 {[%emt 0:00:03]} 2. Nf3 {[%emt 0:00:02]} Nc6 {
[%emt 0:00:01]} 3. Bb5 {[%emt 0:00:01]} a6 {[%emt 0:00:01]} 4. Bxc6 {[%emt 0:
00:01]} dxc6 {[%emt 0:00:02]} 5. O-O {[%emt 0:00:02]} Bg4 {[%emt 0:00:01]} 6.
h3 {[%emt 0:00:01]} Bh5 {[%emt 0:00:01]} 7. g4 {[%emt 0:00:17]} Bg6 {[%emt 0:
00:02]} 8. Nxe5 {[%emt 0:00:01]} Bd6 {[%emt 0:00:02]} 9. Nxg6 {[%emt 0:00:16]}
hxg6 {[%emt 0:00:01]} 10. Qf3 {[%emt 0:00:01]} Qh4 {[%emt 0:00:13]} 11. d4 {
[%emt 0:01:04]} O-O-O {[%emt 0:00:53]} 12. e5 {[%emt 0:00:17]} Be7 {[%emt 0:00:
09]} 13. Be3 {[%emt 0:00:01]} Qxh3 {[%emt 0:01:12]} 14. Qxh3 {[%emt 0:00:01]}
Rxh3 {[%emt 0:00:02]} 15. Kg2 {[%emt 0:00:03]} Rh4 {[%emt 0:00:11]} 16. f3 {
[%emt 0:00:01]} f6 {[%emt 0:00:08]} 17. Nc3 {[%emt 0:00:08]} Nh6 {[%emt 0:00:
08]} 18. Bf2 {[%emt 0:00:13]} fxe5 {[%emt 0:00:15]} 19. Bxh4 {[%emt 0:00:14]}
Bxh4 {[%emt 0:00:02]} 20. dxe5 {[%emt 0:00:01]} Rd2+ {[%emt 0:00:01]} 21. Kh3 {
[%emt 0:00:05]} g5 {[%emt 0:00:04]} 22. Rac1 {[%emt 0:00:08]} Nf7 {[%emt 0:00:
03]} 23. f4 {[%emt 0:00:08]} gxf4 {[%emt 0:00:10]} 24. Rxf4 {[%emt 0:00:13]}
Nxe5 {[%emt 0:00:02]} 25. Kxh4 {[%emt 0:00:09]} Ng6+ {[%emt 0:00:01]} 26. Kg5 {
[%emt 0:00:01]} Nxf4 {[%emt 0:00:01]} 27. Kxf4 {[%emt 0:00:01]} b5 {[%emt 0:00:
01]} 28. Ne4 {[%emt 0:00:03]} Re2 {[%emt 0:00:01]} 29. Kf3 {[%emt 0:00:01]} Rh2
{[%emt 0:00:01]} 30. Nf2 {[%emt 0:00:01]} Kb7 {[%emt 0:00:01]} 31. Re1 {
[%emt 0:00:02]} Rh6 {[%emt 0:00:02]} 32. Re7 {[%emt 0:00:02]} Rf6+ {[%emt 0:00:
01]} 33. Ke3 {[%emt 0:00:01]} g6 {[%emt 0:00:01]} 34. Ne4 {[%emt 0:00:03]} Rf1
{[%emt 0:00:01]} 35. Re6 {[%emt 0:00:02]} Ra1 {[%emt 0:00:04]} 36. a3 {[%emt 0:
00:03]} Ra2 {[%emt 0:00:02]} 37. Rxg6 {[%emt 0:00:04]} Rxb2 {[%emt 0:00:01]}
38. Kd2 {[%emt 0:00:09]} Ra2 {[%emt 0:00:02]} 39. g5 {[%emt 0:00:03]} Rxa3 {
[%emt 0:00:01]} 40. Rf6 {[%emt 0:00:01]} Ra4 {[%emt 0:00:05]} 41. Kd3 {[%emt 0:
00:02]} Ra3+ {[%emt 0:00:02]} 42. Kd4 {[%emt 0:00:09]} Rh3 {[%emt 0:00:06]} 43.
g6 {[%emt 0:00:01]} Rh4 {[%emt 0:00:02]} 44. Ke5 {[%emt 0:00:03]} a5 {[%emt 0:
00:01]} 45. Kf5 {[%emt 0:00:03]} Rh5+ {[%emt 0:00:03]} 46. Ng5 {[%emt 0:00:01]}
Rh8 {[%emt 0:00:03]} 47. g7 {[%emt 0:00:02]} Rg8 {[%emt 0:00:02]} 48. Ne6 {
[%emt 0:00:02]} a4 {[%emt 0:00:02]} 49. Rf8 {[%emt 0:00:01]} Rxg7 {[%emt 0:00:
01]} 50. Nxg7 {[%emt 0:00:01]} Kb6 {[%emt 0:00:01]} 51. Ke4 {[%emt 0:00:01]}
Kc5 {[%emt 0:00:00]} 52. Kd3 {[%emt 0:00:01]} Kb4 {[%emt 0:00:01]} 53. Ne6 {
[%emt 0:00:04]} c5 {[%emt 0:00:01]} 54. c3+ {[%emt 0:00:03]} Ka3 {[%emt 0:00:
02]} 55. Nxc5 {[%emt 0:00:02]} c6 {[%emt 0:00:01]} 56. Rf2 {[%emt 0:00:03]} b4
{[%emt 0:00:01]} 57. cxb4 {[%emt 0:00:02]} Kxb4 {[%emt 0:00:01]} 58. Kd4 {
[%emt 0:00:03]} a3 {[%emt 0:00:01]} 59. Re2 {[%emt 0:00:02]} a2 {[%emt 0:00:01]
} 60. Rxa2 {[%emt 0:00:01]} 1-0

[Event "FIDE Women World Blitz 2021"]
[Site "Warsaw"]
[Date "2021.12.29"]
[Round "5.3"]
[White "Strutinskaia, Galina"]
[Black "Szczotka, Klara"]
[Result "1-0"]
[WhiteElo "2188"]
[BlackElo "1584"]
[Annotator "TA"]
[PlyCount "61"]
[EventDate "2021.12.29"]
[EventType "swiss"]
[EventCountry "POL"]
[Tiebreak "Cut1 Buchholz"]
[SourceTitle "playchess.com"]
[Source "ChessBase"]
[SourceQuality "1"]

{[%evp 14,61,0,0,2,-19,0,-4,37,0,56,2,0,29,29,0,0,0,0,0,0,0,88,59,57,50,45,47,
43,9,23,7,27,55,84,-37,972,953,29993,29994,29994,29990,29990,29991,29991,29992,
29994,29993,29997,29998]} 1. d4 Nf6 2. c4 e6 3. Nc3 Bb4 4. f3 d5 5. a3 Bxc3+ 6.
bxc3 O-O 7. cxd5 exd5 8. e3 Bf5 {[%cal Oc7c5] E27: Nimzo-Indian: Sämisch: 5...
0-0 6 f3.} 9. Bd3 Qd7 10. Ne2 Re8 (10... Bxd3 $11 11. Qxd3 Qc6) 11. O-O b6 {[#]
} (11... Bxd3 $11 12. Qxd3 Qc6) 12. a4 $146 (12. c4 $14) ({Predecessor:} 12.
Ng3 Bg6 13. Ra2 c5 14. Re2 Nc6 15. Rfe1 Rad8 16. Bb5 Qc7 17. Nh1 Re6 18. Nf2
Re7 19. Nd3 Bf5 20. Nf2 h6 21. Bb2 Na5 22. Nd3 Nd7 23. Nf4 {½-½ (23)
Hochstein,U (1918)-Stremmel,R (2060) Nordrheinwestfalen 2012}) 12... Bxd3 $11
13. Qxd3 c5 14. a5 c4 15. Qc2 b5 16. Ng3 {[%cal Be2g3,Bg3e4,Be4g5][%mdl 32]}
Nc6 {[%cal Bb8c6,Bc6a5,Ba5b3][%mdl 32]} 17. e4 Qc7 (17... dxe4 $11 18. Bg5 Nxd4
19. cxd4 Qxd4+ 20. Kh1 e3) 18. Bg5 {[#] Threatens to win with Bxf6.} Re6 19.
Bxf6 Rxf6 20. exd5 Nxa5 21. Ne4 Rh6 22. d6 Qb6 23. d7 $36 {[%mdl 2048] Hoping
for Nc5. White has good play.} Nb3 {[#] Prevents Nc5.} 24. Rae1 {White is more
active.} ({Better is} 24. Ng5 $1 $16 Rf8 25. Qf5) 24... Re6 $2 {[%mdl 8192] A
mistake that costs the game.} (24... Qc6 $15) 25. Ng5 $1 $18 {[%csl LRe6,LRh7]
Threatening mate with Qf5.} Rxe1 26. Qxh7+ {White mates.} Kf8 27. Qh8+ Ke7 28.
Rxe1+ Kxd7 29. Qxa8 Qf6 30. Qxa7+ Kd8 31. Nxf7+ {Weighted Error Value: White=0.
23 (precise) /Black=0.40} 1-0

[Event "FIDE Women World Blitz 2021"]
[Site "Warsaw"]
[Date "2021.12.29"]
[Round "5.4"]
[White "Shuvalova, Polina"]
[Black "Semenova, Elena"]
[Result "1-0"]
[WhiteElo "2515"]
[BlackElo "2233"]
[Annotator "ChessBase"]
[PlyCount "121"]
[EventDate "2021.12.29"]
[EventType "swiss"]
[EventCountry "POL"]
[Tiebreak "Cut1 Buchholz"]
[SourceTitle "playchess.com"]
[Source "ChessBase"]
[SourceQuality "1"]
[TimeControl "180+2"]

1. Nf3 {[%emt 0:00:01]} d5 {[%emt 0:00:00]} 2. d4 {[%emt 0:00:03]} Nf6 {
[%emt 0:00:01]} 3. Bf4 {[%emt 0:00:01]} c5 {[%emt 0:00:03]} 4. e3 {[%emt 0:00:
02]} Nc6 {[%emt 0:00:01]} 5. Nbd2 {[%emt 0:00:02]} e6 {[%emt 0:00:08]} 6. c3 {
[%emt 0:00:02]} cxd4 {[%emt 0:00:10]} 7. exd4 {[%emt 0:00:01]} Nh5 {[%emt 0:00:
01]} 8. Be3 {[%emt 0:00:02]} g6 {[%emt 0:00:09]} 9. g3 {[%emt 0:00:09]} Bd6 {
[%emt 0:00:04]} 10. Be2 {[%emt 0:00:04]} O-O {[%emt 0:00:17]} 11. Nh4 {[%emt 0:
00:02]} Ng7 {[%emt 0:00:07]} 12. O-O {[%emt 0:00:03]} Re8 {[%emt 0:00:15]} 13.
Re1 {[%emt 0:00:05]} Nf5 {[%emt 0:00:08]} 14. Nxf5 {[%emt 0:00:05]} exf5 {
[%emt 0:00:01]} 15. Bf3 {[%emt 0:00:12]} Be6 {[%emt 0:00:10]} 16. Nb3 {[%emt 0:
00:03]} Rc8 {[%emt 0:00:18]} 17. Qd2 {[%emt 0:00:03]} h5 {[%emt 0:00:07]} 18.
h4 {[%emt 0:00:04]} Qc7 {[%emt 0:00:05]} 19. Kg2 {[%emt 0:00:03]} b6 {[%emt 0:
00:05]} 20. Re2 {[%emt 0:00:04]} f4 {[%emt 0:00:09]} 21. Bxf4 {[%emt 0:00:04]}
Bxf4 {[%emt 0:00:01]} 22. Qxf4 {[%emt 0:00:02]} Qxf4 {[%emt 0:00:01]} 23. gxf4
{[%emt 0:00:02]} Ne7 {[%emt 0:00:04]} 24. Rh1 {[%emt 0:00:10]} Kg7 {[%emt 0:00:
07]} 25. Re5 {[%emt 0:00:04]} Nf5 {[%emt 0:00:17]} 26. Nc1 {[%emt 0:00:08]} f6
{[%emt 0:00:07]} 27. Ree1 {[%emt 0:00:10]} Bf7 {[%emt 0:00:02]} 28. Rxe8 {
[%emt 0:00:07]} Rxe8 {[%emt 0:00:02]} 29. Nd3 {[%emt 0:00:01]} a5 {[%emt 0:00:
05]} 30. a4 {[%emt 0:00:04]} Kf8 {[%emt 0:00:02]} 31. Kh3 {[%emt 0:00:04]} Re7
{[%emt 0:00:04]} 32. Kg2 {[%emt 0:00:13]} Ke8 {[%emt 0:00:04]} 33. Kf1 {
[%emt 0:00:09]} Kd7 {[%emt 0:00:04]} 34. Bd1 {[%emt 0:00:19]} Kd6 {[%emt 0:00:
04]} 35. Ne1 {[%emt 0:00:06]} Re4 {[%emt 0:00:06]} 36. Ng2 {[%emt 0:00:04]} Re8
{[%emt 0:00:04]} 37. Bc2 {[%emt 0:00:01]} Be6 {[%emt 0:00:13]} 38. Ne3 {
[%emt 0:00:12]} Rg8 {[%emt 0:00:10]} 39. Bxf5 {[%emt 0:00:13]} Bxf5 {[%emt 0:
00:02]} 40. Rg1 {[%emt 0:00:05]} Bd7 {[%emt 0:00:05]} 41. b3 {[%emt 0:00:21]}
b5 {[%emt 0:00:00]} 42. axb5 {[%emt 0:00:02]} Bxb5+ {[%emt 0:00:01]} 43. Ke1 {
[%emt 0:00:00]} a4 {[%emt 0:00:03]} 44. bxa4 {[%emt 0:00:03]} Bxa4 {[%emt 0:00:
00]} 45. Kd2 {[%emt 0:00:01]} Bd7 {[%emt 0:00:07]} 46. Ra1 {[%emt 0:00:03]} Rb8
{[%emt 0:00:03]} 47. Ra6+ {[%emt 0:00:02]} Bc6 {[%emt 0:00:04]} 48. c4 {
[%emt 0:00:03]} dxc4 {[%emt 0:00:03]} 49. d5 {[%emt 0:00:02]} Rb2+ {[%emt 0:00:
05]} 50. Kc3 {[%emt 0:00:03]} Rxf2 {[%emt 0:00:02]} 51. Rxc6+ {[%emt 0:00:02]}
Ke7 {[%emt 0:00:03]} 52. Re6+ {[%emt 0:00:07]} Kf7 {[%emt 0:00:03]} 53. Re4 {
[%emt 0:00:06]} Rf3 {[%emt 0:00:06]} 54. Kxc4 {[%emt 0:00:00]} f5 {[%emt 0:00:
01]} 55. Re5 {[%emt 0:00:00]} Rxf4+ {[%emt 0:00:01]} 56. Kc5 {[%emt 0:00:02]}
Rxh4 {[%emt 0:00:03]} 57. d6 {[%emt 0:00:01]} Kf6 {[%emt 0:00:04]} 58. Re7 {
[%emt 0:00:04]} Rh1 {[%emt 0:00:02]} 59. Nd5+ {[%emt 0:00:01]} Kg5 {[%emt 0:00:
02]} 60. d7 {[%emt 0:00:01]} Rc1+ {[%emt 0:00:01]} 61. Kd6 {[%emt 0:00:01]} 1-0

[Event "FIDE Women World Blitz 2021"]
[Site "Warsaw"]
[Date "2021.12.29"]
[Round "5.4"]
[White "Kolaric, Spela"]
[Black "Rakhmangulova, Anastasiya"]
[Result "0-1"]
[WhiteElo "2178"]
[BlackElo "2174"]
[Annotator "RC"]
[PlyCount "91"]
[EventDate "2021.12.29"]
[EventType "swiss"]
[EventCountry "POL"]
[Tiebreak "Cut1 Buchholz"]
[SourceTitle "playchess.com"]
[Source "ChessBase"]
[SourceQuality "1"]
[TimeControl "180+2"]

1. e4 {[%emt 0:00:01]} d5 {[%emt 0:00:01]} 2. exd5 {[%emt 0:00:01]} Qxd5 {
[%emt 0:00:01]} 3. Nc3 {[%emt 0:00:02]} Qd6 {[%emt 0:00:00]} 4. d4 {[%emt 0:00:
02]} Nf6 {[%emt 0:00:01]} 5. Nf3 {[%emt 0:00:04]} a6 {[%emt 0:00:01]} 6. g3 {
[%emt 0:00:01]} Bg4 {[%emt 0:00:01]} 7. Bg2 {[%emt 0:00:02]} Nc6 {[%emt 0:00:
01]} 8. O-O {[%emt 0:00:27]} O-O-O {[%emt 0:00:02]} 9. Be3 {[%emt 0:00:09]} e5
{[%emt 0:00:39]} 10. dxe5 {[%emt 0:00:26]} Nxe5 {[%emt 0:00:02]} 11. Qxd6 {
[%emt 0:00:05]} Nxf3+ {[%emt 0:00:22]} 12. Bxf3 {[%emt 0:00:01]} Bxd6 {[%emt 0:
00:02]} 13. Bxg4+ {[%emt 0:00:07]} Nxg4 {[%emt 0:00:01]} 14. Rfe1 {[%emt 0:00:
20]} Bb4 {[%emt 0:00:08]} 15. h3 {[%emt 0:00:31]} Nxe3 {[%emt 0:00:03]} 16.
Rxe3 {[%emt 0:00:00]} Rd2 {[%emt 0:00:02]} 17. Rc1 {[%emt 0:00:04]} Rhd8 {
[%emt 0:00:09]} 18. Rf3 {[%emt 0:00:01]} f6 {[%emt 0:00:03]} 19. Kg2 {[%emt 0:
00:10]} Re8 {[%emt 0:00:04]} 20. a3 {[%emt 0:00:03]} Bxc3 {[%emt 0:00:07]} 21.
Rxc3 {[%emt 0:00:01]} Ree2 {[%emt 0:00:01]} 22. Rf3 {[%emt 0:00:10]} Rxc2 {
[%emt 0:00:03]} 23. Rxc2 {[%emt 0:00:01]} Rxc2 {[%emt 0:00:01]} 24. b4 {
[%emt 0:00:02]} b6 {[%emt 0:00:07]} 25. Rd3 {[%emt 0:00:04]} c5 {[%emt 0:00:42]
} 26. Rd6 {[%emt 0:00:15]} Kc7 {[%emt 0:00:01]} 27. bxc5 {[%emt 0:00:01]} Rxc5
{[%emt 0:00:04]} 28. Re6 {[%emt 0:00:00]} Ra5 {[%emt 0:00:25]} 29. Re7+ {
[%emt 0:00:02]} Kd6 {[%emt 0:00:01]} 30. Rxg7 {[%emt 0:00:01]} Rxa3 {[%emt 0:
00:01]} 31. Rxh7 b5 32. Rf7 {[%emt 0:00:07]} Ke6 {[%emt 0:00:01]} 33. Rb7 {
[%emt 0:00:02]} Rd3 {[%emt 0:00:08]} 34. h4 {[%emt 0:00:03]} Kf5 {[%emt 0:00:
20]} 35. Rb6 {[%emt 0:00:02]} Ra3 {[%emt 0:00:01]} 36. f3 {[%emt 0:00:07]} Ra4
{[%emt 0:00:01]} 37. g4+ {[%emt 0:00:03]} Kg6 {[%emt 0:00:00]} 38. Kg3 {
[%emt 0:00:04]} b4 {[%emt 0:00:01]} 39. h5+ {[%emt 0:00:03]} Kg7 {[%emt 0:00:
02]} 40. Rb7+ {[%emt 0:00:05]} Kg8 {[%emt 0:00:05]} 41. Rb6 {[%emt 0:00:18]} a5
{[%emt 0:00:04]} 42. Rxf6 {[%emt 0:00:02]} b3 43. Rb6 Rb4 {[%emt 0:00:02]} 44.
Rc6 {[%emt 0:00:09]} b2 {[%emt 0:00:01]} 45. h6 {[%emt 0:00:06]} b1=Q {[%emt 0:
00:03]} 46. Rc8+ {[%emt 0:00:02]} 0-1